| 000 | 00456nam a2200169Ia 4500 | ||
|---|---|---|---|
| 003 | GCL | ||
| 008 | 140319s9999 xx 000 0 eng d | ||
| 040 |
_aGCL / _cGCL |
||
| 082 | 0 | 4 |
_a629.83 _bD F |
| 100 | 1 | _aD'ANNUNZIO, GABRIELE | |
| 245 | 1 | 0 |
_aFEEDBACK CONTROL THEORY / _cD'ANNUNZIO, GABRIELE |
| 260 |
_a[S.N] : _bMACMILLAN PUBLISHING COMPANY ، _c1992 |
||
| 300 | _a227 | ||
| 650 | 0 | 4 | _aFEEDBACK CONTROL SYSTEMS |
| 650 | 0 | 4 | _aFEEDING |
| 942 |
_2ddc _cBK |
||
| 999 |
_c12164 _d12164 |
||